000 00986nam0a22002291i 4500
001 rc\273374
005 20240726005013.0
035 _a(NLR Aleph) 005488056
090 _a5177672
_c5177671
100 _a20030307d1990 u |0rusy50 ca
101 0 _arus
102 _aRU
105 _ay |||||||||
200 1 _aФункционирование падежной системы имен существительных в старорусском языке I половины XVII века
_e(На материале "Вестей-Курантов")
_eАвтореф. дис. на соиск. учен. степ. канд. филол. наук
_e(10.02.01)
_fКиев. гос. ун-т им. Т.Г. Шевченко
210 _aКиев
_d1990
215 _a14 с.
517 0 _aВести-Куранты, 1600-1650 гг.
700 1 _aЛигай
_bЮ.В.
_gЮрий Владимирович
801 0 _aRU
_bNLR
_gpsbo
801 1 _aRU
_bELAR
_2rusmarc
852 _aNLR
_jА90/8750
942 _cBOOK